• 首页
  • 本馆介绍
  • 公告通知
  • 最新文献
  • 馆藏检索
  • 电子资源
  • 读者导购
  • 参考咨询
  • 我的图书馆
  • 登录
  • 详细信息显示
  • 放入我的书架
  • 预约/预借图书
  • 作者相关作品
  • 分类相关作品
  • 丛书相关作品
  • 出版社相关作品

书目信息

  • 表格格式
  • 工作单格式
  • 卡片格式
题名:
低碳经济与生态文明
    
 
作者: 张春霞 , 郑晶 , 廖福霖 著
分册:  
出版信息: 北京   中国林业出版社  2015
页数: 276页
开本: 25cm
丛书名: 林业应对气候变化与低碳经济系列丛书
单 册:
中图分类: F124.5 , B824.5
科图分类:
主题词: 低碳经济--di tan jing ji--关系--生态文明--研究--中国
电子资源:
ISBN: 978-7-5038-7928-9
000 01292nam0 22003011 450
001 1752548531
005 20170602161242.0
010    @a978-7-5038-7928-9@dCNY62.00
100    @a20151113d2015 em y0chiy50 ea
101 0  @achi
102    @aCN@b110000
105    @ay z 000yy
106    @ar
200 1  @a低碳经济与生态文明@Adi tan jing ji yu sheng tai wen ming@f张春霞,郑晶,廖福霖等著
210    @a北京@c中国林业出版社@d2015
215    @a276页@d25cm
225 2  @a林业应对气候变化与低碳经济系列丛书@Alin ye ying dui qi hou bian hua yu di tan jing ji xi lie cong shu@f宋维明总主编
300    @a国家出版基金项目 “十二五”国家重点图书出版规划项目
330    @a本书从多维度对低碳经济与生态文明进行了新的探索,提出并阐述了“生态文明建设的本质是追求幸福”、“低碳经济是实现幸福的有效模式”等理论观点,力求对低碳经济发展和生态文明建设进行理论提升,提出了提升生态文明建设水平的有效措施和途径等。
461  0 @12001 @a林业应对气候变化与低碳经济系列丛书
606 0  @a低碳经济@Adi tan jing ji@x关系@x生态文明@x研究@y中国
690    @aF124.5@v5
690    @aB824.5@v5
701  0 @a张春霞@Azhang chun xia@c(女,@f1947~)@4著
701  0 @a郑晶@Azheng jing@4著
701  0 @a廖福霖@Aliao fu lin@f(1948~)@4著
801  0 @aCN@bTANG WEI@c20170531
905    @b0971308-12@dF124.5@e300@f5
    
    低碳经济与生态文明/张春霞,郑晶,廖福霖等著.-北京:中国林业出版社,2015
    276页;25cm.-(林业应对气候变化与低碳经济系列丛书/宋维明总主编)
    国家出版基金项目 “十二五”国家重点图书出版规划项目
    
    ISBN 978-7-5038-7928-9:CNY62.00
    本书从多维度对低碳经济与生态文明进行了新的探索,提出并阐述了“生态文明建设的本质是追求幸福”、“低碳经济是实现幸福的有效模式”等理论观点,力求对低碳经济发展和生态文明建设进行理论提升,提出了提升生态文明建设水平的有效措施和途径等。
●
相关链接 在E读中查询图书 在五车中查询图书 在当当中查询图书 在豆瓣中查询图书


正题名:低碳经济与生态文明     索取号:F124.5/300         预约/预借

序号 登录号 条形码 馆藏地/架位号 状态 备注
1 0971308   209713087   第一样本阅览室/ [索取号:F124.5/300] 在馆    
2 0971309   209713096   第一借阅区/ [索取号:F124.5/300] 在馆    
3 0971310   209713103   密集书库-海洋学院/ [索取号:F124.5/300] 在馆    
4 0971311   209713112   第一借阅区/ [索取号:F124.5/300] 在馆    
5 0971312   209713121   第一借阅区/ [索取号:F124.5/300] 在馆    
唐山师范学院图书馆 欢迎您!
大连网信软件有限公司© 版权所有